<?xml version="1.0" encoding="UTF-8"?>
<record
    xmlns:xsi="http://www.w3.org/2001/XMLSchema-instance"
    xsi:schemaLocation="http://www.loc.gov/MARC21/slim http://www.loc.gov/standards/marcxml/schema/MARC21slim.xsd"
    xmlns="http://www.loc.gov/MARC21/slim">

  <leader>00542nam a2200145Ia 4500</leader>
  <controlfield tag="008">100122s9999    xx            000 0 und d</controlfield>
  <datafield tag="082" ind1=" " ind2=" ">
    <subfield code="b">24570</subfield>
    <subfield code="a">745.5</subfield>
  </datafield>
  <datafield tag="100" ind1=" " ind2=" ">
    <subfield code="a">&#x916;&#x93E;&#x921;&#x93F;&#x932;&#x915;&#x930; &#x91A;&#x93F;&#x902; &#x939;</subfield>
  </datafield>
  <datafield tag="245" ind1=" " ind2=" ">
    <subfield code="a">&#x906;&#x932;&#x947;&#x916;&#x928; &#x915;&#x932;&#x93E; &#x92D;&#x93E;&#x917;-2 &#x930;&#x93E; (&#x915;.&#x915;&#x94D;&#x930;.8/2)</subfield>
  </datafield>
  <datafield tag="260" ind1=" " ind2=" ">
    <subfield code="b">&#x905;&#x930;&#x941;&#x923; &#x915;&#x932;&#x93E; &#x92A;&#x94D;&#x930;&#x915;&#x93E;&#x936;&#x928;</subfield>
    <subfield code="c">1966</subfield>
  </datafield>
  <datafield tag="300" ind1=" " ind2=" ">
    <subfield code="a">102</subfield>
  </datafield>
  <datafield tag="630" ind1=" " ind2=" ">
    <subfield code="a">&#x906;&#x932;&#x947;&#x916;&#x928; &#x915;&#x932;&#x93E; &#x92D;&#x93E;&#x917;-2 &#x930;&#x93E; (&#x915;.&#x915;&#x94D;&#x930;.8/2)</subfield>
  </datafield>
  <datafield tag="730" ind1=" " ind2=" ">
    <subfield code="a">&#x906;&#x932;&#x947;&#x916;&#x928; &#x915;&#x932;&#x93E; &#x92D;&#x93E;&#x917;-2 &#x930;&#x93E; (&#x915;.&#x915;&#x94D;&#x930;.8/2)</subfield>
  </datafield>
  <datafield tag="942" ind1=" " ind2=" ">
    <subfield code="c">BOOK</subfield>
  </datafield>
  <datafield tag="999" ind1=" " ind2=" ">
    <subfield code="c">411782</subfield>
    <subfield code="d">411779</subfield>
  </datafield>
  <datafield tag="952" ind1=" " ind2=" ">
    <subfield code="0">0</subfield>
    <subfield code="1">0</subfield>
    <subfield code="4">0</subfield>
    <subfield code="7">0</subfield>
    <subfield code="a">SVPPARLE</subfield>
    <subfield code="b">SVPPARLE</subfield>
    <subfield code="d">1976-11-25</subfield>
    <subfield code="g">10.00</subfield>
    <subfield code="l">0</subfield>
    <subfield code="o">24570</subfield>
    <subfield code="p">SVPPARLE-24570</subfield>
    <subfield code="r">2010-01-25 00:00:00</subfield>
    <subfield code="v">10.00</subfield>
    <subfield code="w">2010-01-25</subfield>
    <subfield code="y">BOOK</subfield>
    <subfield code="z">General NA</subfield>
  </datafield>
</record>
